[Event "Amager AMSF Gr1"]
[Site "Amager"]
[Date "2016.09.27"]
[Round "5"]
[White "Hestehauge, Klaus"]
[Black "Frank Nielsen, Marie"]
[Result "1/2-1/2"]
[WhiteElo "1888"]
[BlackElo "1942"]
[PlyCount "61"]
[EventDate "2016.08.16"]
[EventType "tourn"]
[EventRounds "7"]
[EventCountry "DEN"]
[SourceTitle "EXT 2023"]
[Source "ChessBase"]
[SourceDate "2022.10.05"]
[SourceVersion "1"]
[SourceVersionDate "2022.10.05"]
[SourceQuality "1"]

1. d4 Nf6 2. Nf3 g6 3. Nc3 d5 4. Bf4 Bg7 5. e3 0-0 6. Be2 Nh5 7. Be5 f6 8. Bg3 Nxg3 9. hxg3 c6 10. Qd2 b5 11. Bd3 e5 12. dxe5 fxe5 13. e4 d4 14. Ne2 Nd7 15. a4 Nc5 16. axb5 Nxd3+ 17. Qxd3 cxb5 18. Qb3+ Kh8 19. Qxb5 Qf6 20. Ra5 Bg4 21. Ra6 Rfb8 22. Qxb8+ Rxb8 23. Rxf6 Bxf6 24. b3 d3 25. cxd3 Rxb3 26. 0-0 Rxd3 27. Ra1 Rd7 28. Nc3 Bxf3 29. gxf3 Bd8 30. Nd5 a5 31. Kg2 1/2-1/2

[Event "Valby K41 op 0910"]
[Site "Valby"]
[Date "2010.01.26"]
[Round "6"]
[White "Rasmussen, Morten"]
[Black "Hestehauge, Klaus"]
[Result "1/2-1/2"]
[WhiteElo "1599"]
[BlackElo "1925"]
[PlyCount "57"]
[EventDate "2009.11.03"]
[EventType "swiss"]
[EventRounds "9"]
[EventCountry "DEN"]
[SourceTitle "EXT 2018"]
[Source "ChessBase"]
[SourceDate "2017.10.13"]
[SourceVersion "1"]
[SourceVersionDate "2017.10.13"]
[SourceQuality "1"]

1. d4 Nf6 2. Bg5 e6 3. e3 Be7 4. Bd3 d5 5. c3 Nbd7 6. Nd2 b6 7. f4 Bb7 8. Bxf6 Nxf6 9. Ngf3 0-0 10. 0-0 c5 11. Ne5 Ne4 12. Qe2 f6 13. Ng4 Nxd2 14. Qxd2 f5 15. Ne5 Bd6 16. Qe2 Rf6 17. Kh1 Bxe5 18. fxe5 Rg6 19. Rg1 Qh4 20. Rgf1 Qg4 21. Rf4 Qxe2 22. Bxe2 Rf8 23. Raf1 c4 24. g4 Bc8 25. Bf3 Rd8 26. gxf5 exf5 27. Bg2 Rh6 28. R4f3 g6 29. R1f2 1/2-1/2

[Event "Valby K41 op 0910"]
[Site "Valby"]
[Date "2009.12.01"]
[Round "3"]
[White "Hestehauge, Klaus"]
[Black "Jorgensen, Orla Eilegaard"]
[Result "1-0"]
[WhiteElo "1925"]
[BlackElo "1643"]
[PlyCount "147"]
[EventDate "2009.11.03"]
[EventType "swiss"]
[EventRounds "9"]
[EventCountry "DEN"]
[SourceTitle "EXT 2018"]
[Source "ChessBase"]
[SourceDate "2017.10.13"]
[SourceVersion "1"]
[SourceVersionDate "2017.10.13"]
[SourceQuality "1"]

1. d4 d5 2. Nf3 e6 3. Bf4 Nf6 4. e3 Bd6 5. Bg3 Bxg3 6. hxg3 c5 7. c3 c4 8. Nbd2 b5 9. Qc2 Nbd7 10. e4 dxe4 11. Nxe4 Qc7 12. Be2 Bb7 13. Nfd2 Nxe4 14. Nxe4 h6 15. Bf3 Bd5 16. Kf1 a5 17. Re1 b4 18. Nd2 Bxf3 19. gxf3 Nf6 20. Qa4+ Nd7 21. cxb4 c3 22. Rc1 0-0 23. Rxc3 Qd8 24. bxa5 Rxa5 25. Qb3 Qa8 26. a3 Rb8 27. Qc2 Nf6 28. Kg2 Nd5 29. Rc5 Ra4 30. Rc1 Nb6 31. Nc4 Nd5 32. Ne3 Nb6 33. Qc3 Rd8 34. Rc6 Qa7 35. Qc5 Ra6 36. Rc7 Qb8 37. Qe7 Rf8 38. Qb4 Ra4 39. Qc5 Rd8 40. Rc6 Nd7 41. Qc3 Nb6 42. Qb3 Ra6 43. Qb5 Qa7 44. Nc4 Rd5 45. Qb3 Nxc4 46. Rxa6 Qxa6 47. Qxc4 Qb6 48. b4 Rxd4 49. Qc5 Qd8 50. Qc8 Kf8 51. Qxd8+ Rxd8 52. Rc7 Ke8 53. a4 Rd4 54. Rb7 Kd8 55. Rxf7 Rxb4 56. Rxg7 Rxa4 57. Rg6 Ke7 58. Rxh6 Kf7 59. Rh4 Ra5 60. Rb4 Rd5 61. f4 Kf6 62. g4 Kg6 63. f3 Kf6 64. Rb6 Rd2+ 65. Kg3 Rd1 66. f5 Kg5 67. f4+ Kf6 68. Rxe6+ Kf7 69. Kh4 Kg7 70. Kg5 Rd5 71. Re7+ Kh8 72. Kg6 Rd8 73. f6 Rd6 74. Re8# 1-0

[Event "Amager-ch"]
[Site "Amager"]
[Date "2009.10.13"]
[Round "6"]
[White "Hestehauge, Klaus"]
[Black "Nielsen, Mogens Bach"]
[Result "1/2-1/2"]
[WhiteElo "1925"]
[BlackElo "1831"]
[PlyCount "46"]
[EventDate "2009.09.01"]
[EventType "swiss"]
[EventRounds "7"]
[EventCountry "DEN"]
[SourceTitle "EXT 2023"]
[Source "ChessBase"]
[SourceDate "2022.10.05"]
[SourceVersion "1"]
[SourceVersionDate "2022.10.05"]
[SourceQuality "1"]

1. d4 d5 2. Nf3 c6 3. c3 Bf5 4. Bf4 e6 5. e3 Qb6 6. Qb3 Be7 7. Nbd2 Nd7 8. Be2 h6 9. 0-0 Ngf6 10. h3 0-0 11. Ne5 Nxe5 12. Bxe5 Qxb3 13. Nxb3 Nd7 14. Bg3 a5 15. Nc1 a4 16. Bd3 Bxd3 17. Nxd3 c5 18. a3 Rfc8 19. Rfd1 Ra6 20. Rac1 cxd4 21. cxd4 Rac6 22. Rxc6 Rxc6 23. Rc1 Rxc1+ 1/2-1/2

[Event "Amager-ch"]
[Site "Amager"]
[Date "2009.10.06"]
[Round "5"]
[White "Hansen, Benny"]
[Black "Hestehauge, Klaus"]
[Result "1-0"]
[WhiteElo "1218"]
[BlackElo "1925"]
[PlyCount "78"]
[EventDate "2009.09.01"]
[EventType "swiss"]
[EventRounds "7"]
[EventCountry "DEN"]
[SourceTitle "EXT 2023"]
[Source "ChessBase"]
[SourceDate "2022.10.05"]
[SourceVersion "1"]
[SourceVersionDate "2022.10.05"]
[SourceQuality "1"]

1. e4 c6 2. Nc3 d5 3. exd5 cxd5 4. d4 Nf6 5. Be2 e6 6. Nf3 Be7 7. Bg5 Nc6 8. a3 0-0 9. Qd2 a6 10. 0-0 b5 11. b4 Bb7 12. Rfe1 Rc8 13. Bd3 Qc7 14. Bxf6 Bxf6 15. Ne2 e5 16. dxe5 Nxe5 17. Nxe5 Bxe5 18. Ng3 Bxa1 19. Rxa1 Qc3 20. Qxc3 Rxc3 21. Nf5 g6 22. Ne3 Rfc8 23. h3 Kg7 24. a4 Rxd3 25. cxd3 d4 26. Ng4 bxa4 27. Rxa4 Rc1+ 28. Kh2 Rd1 29. b5 axb5 30. Rxd4 Rb1 31. Ne5 Bc8 32. Nc6 Be6 33. Nb4 Kf6 34. Kg3 Ke5 35. Nc6+ Kf6 36. Kf3 Rc1 37. Nb4 Rc5 38. g4 Ke5 39. Ke3 Rc3 1-0

[Event "Amager-ch"]
[Site "Amager"]
[Date "2009.09.29"]
[Round "4"]
[White "Hestehauge, Klaus"]
[Black "Jensen, Thore Nyboe"]
[Result "1/2-1/2"]
[WhiteElo "1925"]
[BlackElo "1989"]
[PlyCount "83"]
[EventDate "2009.09.01"]
[EventType "swiss"]
[EventRounds "7"]
[EventCountry "DEN"]
[SourceTitle "EXT 2023"]
[Source "ChessBase"]
[SourceDate "2022.10.05"]
[SourceVersion "1"]
[SourceVersionDate "2022.10.05"]
[SourceQuality "1"]

1. d4 f5 2. Bg5 h6 3. Bh4 g6 4. Nc3 Bg7 5. e3 Nf6 6. Bxf6 Bxf6 7. Bd3 d6 8. g4 e6 9. gxf5 exf5 10. Qf3 Nc6 11. 0-0-0 Be6 12. Nge2 Bf7 13. Rhg1 Qd7 14. Nf4 Bg5 15. Ncd5 0-0-0 16. h4 Nxd4 17. Qh3 Nc6 18. h5 Ne5 19. hxg6 Nxd3+ 20. Rxd3 Bg8 21. Nh5 c6 22. Ndf4 Be6 23. Nxe6 Qxe6 24. g7 Rh7 25. f4 Bf6 26. Nxf6 Qxf6 27. Qg3 Rg8 28. Qg6 Qxg6 29. Rxg6 d5 30. Rf6 Rgxg7 31. Rxf5 h5 32. Rd2 Rg1+ 33. Rd1 Rxd1+ 34. Kxd1 h4 35. Rg5 h3 36. Rg1 Kd7 37. Rh1 Ke6 38. Ke2 Kf5 39. Kf3 h2 40. Kg3 Rg7+ 41. Kf3 Rh7 42. Kg2 1/2-1/2

[Event "Amager-ch"]
[Site "Amager"]
[Date "2009.09.22"]
[Round "2"]
[White "Petersen, Nils"]
[Black "Hestehauge, Klaus"]
[Result "1/2-1/2"]
[WhiteElo "1845"]
[BlackElo "1925"]
[PlyCount "58"]
[EventDate "2009.09.01"]
[EventType "swiss"]
[EventRounds "7"]
[EventCountry "DEN"]
[SourceTitle "EXT 2023"]
[Source "ChessBase"]
[SourceDate "2022.10.05"]
[SourceVersion "1"]
[SourceVersionDate "2022.10.05"]
[SourceQuality "1"]

1. c4 g6 2. Nc3 Bg7 3. d4 d6 4. e4 e5 5. dxe5 Bxe5 6. Nf3 Nc6 7. Nxe5 Nxe5 8. Be2 Be6 9. 0-0 Qd7 10. b3 Ne7 11. Nd5 0-0-0 12. Nf6 Qc6 13. Be3 Ng8 14. Nd5 b6 15. a4 Bxd5 16. exd5 Qb7 17. a5 Kb8 18. axb6 cxb6 19. f4 Nd7 20. Bd4 Ngf6 21. f5 Rhf8 22. Bf3 Ne5 23. Bxe5 dxe5 24. Qd3 Qe7 25. Rae1 Rfe8 26. Be4 g5 27. g3 Nxe4 28. Qxe4 Qc5+ 29. Qe3 Qxe3+ 1/2-1/2

[Event "Roskilde 100 years"]
[Site "Roskilde"]
[Date "2008.10.18"]
[Round "9"]
[White "Hestehauge, Klaus"]
[Black "Andersen, Daniel"]
[Result "1-0"]
[WhiteElo "1889"]
[BlackElo "1806"]
[PlyCount "59"]
[EventDate "2008.10.11"]
[EventType "swiss"]
[EventRounds "9"]
[EventCountry "DEN"]
[SourceTitle "EXT 2018"]
[Source "ChessBase"]
[SourceDate "2017.10.13"]
[SourceVersion "1"]
[SourceVersionDate "2017.10.13"]
[SourceQuality "1"]

1. d4 Nf6 2. Nf3 g6 3. Nc3 d5 4. Bf4 Bg7 5. e3 c5 6. Be2 Nc6 7. h3 cxd4 8. exd4 Ne4 9. Nb5 0-0 10. c3 a6 11. Na3 Qa5 12. Rc1 Bd7 13. 0-0 b5 14. Nd2 Nxd2 15. Qxd2 Qb6 16. Nc2 a5 17. Ne3 e6 18. Ng4 h5 19. Ne5 Nxe5 20. dxe5 Rfc8 21. Bh6 Bxe5 22. Qg5 Bg7 23. Bxg7 Kxg7 24. Bxh5 Qd6 25. Bf3 Rc5 26. Rcd1 b4 27. Rd4 bxc3 28. bxc3 Rxc3 29. Rh4 Rh8 30. Rxh8 1-0

[Event "Taastrup Spil Naar Du Vil 1st"]
[Site "Taastrup"]
[Date "2006.05.18"]
[Round "7"]
[White "Andersen, Daniel"]
[Black "Hestehauge, Klaus"]
[Result "1-0"]
[WhiteElo "1841"]
[BlackElo "1976"]
[PlyCount "77"]
[EventDate "2006.03.30"]
[EventType "swiss"]
[EventRounds "9"]
[EventCountry "DEN"]
[SourceTitle "EXT 2023"]
[Source "ChessBase"]
[SourceDate "2022.10.05"]
[SourceVersion "1"]
[SourceVersionDate "2022.10.05"]
[SourceQuality "1"]

1. c4 Nf6 2. Nc3 e6 3. e4 d5 4. e5 d4 5. exf6 dxc3 6. bxc3 Qxf6 7. d4 c5 8. Nf3 h6 9. Bd3 Be7 10. 0-0 0-0 11. Bc2 Nc6 12. Qd3 Qf5 13. Qe2 Qf6 14. Be3 cxd4 15. cxd4 Bd7 16. Rfe1 Rfd8 17. d5 Ne5 18. Nxe5 Qxe5 19. Qd3 Bd6 20. f4 Qf5 21. Qxf5 exf5 22. Bb3 b6 23. Rac1 Rac8 24. Kf2 Re8 25. g3 Kf8 26. a4 Bb4 27. Re2 Bc5 28. a5 bxa5 29. Bxc5+ Rxc5 30. Rxe8+ Kxe8 31. Ke3 Ke7 32. Kd4 Kd6 33. Ra1 g6 34. Ba4 Bxa4 35. Rxa4 f6 36. Ra3 a4 37. Rxa4 Rc7 38. Ra6+ Kd7 39. Rxf6 1-0

[Event "Taastrup Spil Naar Du Vil 1st"]
[Site "Taastrup"]
[Date "2006.05.11"]
[Round "6"]
[White "Refsgaard, Kaj"]
[Black "Hestehauge, Klaus"]
[Result "0-1"]
[WhiteElo "1728"]
[BlackElo "1976"]
[PlyCount "57"]
[EventDate "2006.03.30"]
[EventType "swiss"]
[EventRounds "9"]
[EventCountry "DEN"]
[SourceTitle "EXT 2023"]
[Source "ChessBase"]
[SourceDate "2022.10.05"]
[SourceVersion "1"]
[SourceVersionDate "2022.10.05"]
[SourceQuality "1"]

1. Nf3 Nf6 2. g3 d5 3. Bg2 e6 4. 0-0 Be7 5. d3 0-0 6. Nbd2 c5 7. Re1 Nc6 8. b3 b6 9. c4 Bb7 10. Bb2 Qc7 11. cxd5 exd5 12. Rc1 Rad8 13. e3 Nb4 14. Qe2 Ba6 15. Ne5 Nxa2 16. Ra1 Nb4 17. Bc3 Bb5 18. f4 Nc2 19. Ng4 Nxe1 20. Rxe1 Nxg4 21. Qxg4 g6 22. Qh3 d4 23. exd4 cxd4 24. Bb2 Qc2 25. Bc1 Bxd3 26. g4 Bb4 27. Nf3 Bxe1 28. Ng5 Bf2+ 29. Kh1 0-1

[Event "Taastrup Spil Naar Du Vil 1st"]
[Site "Taastrup"]
[Date "2006.04.27"]
[Round "4"]
[White "Hestehauge, Klaus"]
[Black "Madsen, Simon Rise"]
[Result "1-0"]
[WhiteElo "1976"]
[BlackElo "1366"]
[PlyCount "67"]
[EventDate "2006.03.30"]
[EventType "swiss"]
[EventRounds "9"]
[EventCountry "DEN"]
[SourceTitle "EXT 2023"]
[Source "ChessBase"]
[SourceDate "2022.10.05"]
[SourceVersion "1"]
[SourceVersionDate "2022.10.05"]
[SourceQuality "1"]

1. d4 d5 2. Nf3 e6 3. Bf4 Bd6 4. Bg3 b6 5. e3 Nf6 6. Nbd2 Bb7 7. Be2 Na6 8. Ne5 Qe7 9. 0-0 0-0 10. c3 c5 11. f4 Ne4 12. Nxe4 dxe4 13. Qe1 f6 14. Nc4 Nc7 15. Nxd6 Qxd6 16. f5 Qe7 17. fxe6 Nxe6 18. Bc4 Kh8 19. Rd1 cxd4 20. cxd4 Rac8 21. Rc1 f5 22. a3 f4 23. Bxe6 Rxc1 24. Qxc1 fxg3 25. Rxf8+ Qxf8 26. hxg3 h6 27. Qc7 Qf6 28. Qb8+ Kh7 29. Bg8+ Kg6 30. Qxb7 Qf5 31. Qc6+ Kg5 32. Qd5 Qxd5 33. Bxd5 Kf5 34. g4+ 1-0

[Event "Koge Spring"]
[Site "Koge"]
[Date "2003.05.20"]
[Round "3"]
[White "Hestehauge, Klaus"]
[Black "Orup, Kim"]
[Result "1-0"]
[WhiteElo "1812"]
[BlackElo "1554"]
[PlyCount "47"]
[EventDate "2003.05.06"]
[EventType "tourn"]
[EventRounds "5"]
[EventCountry "DEN"]
[SourceTitle "EXT 2023"]
[Source "ChessBase"]
[SourceDate "2022.10.05"]
[SourceVersion "1"]
[SourceVersionDate "2022.10.05"]
[SourceQuality "1"]

1. d4 f5 2. Bg5 Nf6 3. Bxf6 exf6 4. e3 d5 5. c4 Bb4+ 6. Nc3 Nc6 7. a3 Bxc3+ 8. bxc3 Be6 9. cxd5 Qxd5 10. Nf3 Qb3 11. Qxb3 Bxb3 12. Bd3 Ne7 13. c4 b6 14. 0-0 Ba4 15. Rfe1 0-0 16. e4 Bd7 17. Re2 Rae8 18. Rae1 f4 19. e5 Bf5 20. exf6 Bxd3 21. Rxe7 Rxe7 22. Rxe7 Rf7 23. Ne5 Rf8 24. Rxg7+ 1-0

[Event "Koge Spring"]
[Site "Koge"]
[Date "2003.05.06"]
[Round "1"]
[White "Hestehauge, Klaus"]
[Black "Andersen, Bjarne Hjorth"]
[Result "1-0"]
[WhiteElo "1812"]
[BlackElo "1819"]
[PlyCount "97"]
[EventDate "2003.05.06"]
[EventType "tourn"]
[EventRounds "5"]
[EventCountry "DEN"]
[SourceTitle "EXT 2023"]
[Source "ChessBase"]
[SourceDate "2022.10.05"]
[SourceVersion "1"]
[SourceVersionDate "2022.10.05"]
[SourceQuality "1"]

1. d4 Nf6 2. c4 g6 3. Nc3 d5 4. Nf3 Bg7 5. e3 0-0 6. Be2 c5 7. 0-0 cxd4 8. Nxd4 dxc4 9. Bxc4 Qc7 10. Be2 a6 11. Bd2 Nc6 12. Nxc6 Qxc6 13. Bf3 Qd6 14. Qe2 Bd7 15. Rfd1 Bc6 16. Rac1 Rac8 17. e4 e5 18. Be3 Qb8 19. Bb6 Bd7 20. h3 Rc6 21. Qe3 Rfc8 22. Nd5 Qd6 23. Rxc6 Rxc6 24. Bd8 Nxd5 25. Rxd5 Qe6 26. Qd2 Be8 27. Bd1 Bf8 28. Bb3 Rd6 29. Bc7 Rxd5 30. Bxd5 Qe7 31. Qc3 Bc6 32. Bxe5 Qc5 33. Qxc5 Bxc5 34. Bxc6 bxc6 35. Kf1 Kf8 36. Ke2 Ke7 37. f3 Ke6 38. Bc3 Bb6 39. Kd3 f6 40. Bd4 Bc7 41. Kc4 Bd6 42. b3 h5 43. Bc5 Bc7 44. Bd4 Bd6 45. a4 Kf7 46. Bc5 Bc7 47. Kb4 Ke6 48. Bd4 f5 49. Kc5 1-0